00949nam a2200229 a 450000100100000000500170001000800410002702000150006810000230008324500650010625000130017126000320018430000110021649000290022750001140025650001260037050001200049665000260061665000220064265000260066470000290069000002447620200120222104.0030830s2001 sp a er0 f spa d a84376034760 aUnamuno, Miguel de10aNiebla /cMiguel de Unamuno; edición de Mario J. Valdés. a17a. ed. aMadrid :bCátedra,c2001. a300 p. 0aLetras hispánicasv154 a18a. reimpresión de 2002 Ejs. 3 y 4 de Ceic Cudadela, Icef, Ceic Chicala, Ejs. 1, 2 y 3 de Ceic Norte: Plan aLector 2009, ISBN: 978-84-376-0347-6, 22a. ed. de 2008; Ej.4 de Biblioparque Funza: 22a. ed. de 2008; ISBN: 9788437603476 aEj.7 de Ceic Norte reimpresión de 1999EEj.1, 2 y 3 de la Biblioteca de Mosquera 22a. ed. 2008, ISBN : 843760347614aLiteratura española24aNovela española24aAmor en la literatura1 aValdés, Mario J.,eed.